00294nam a2200097Ia 4500008004100000100002200041245004200063260003900105300000900144650004300153190216s9999||||xx |||||||||||||| ||und|| aAngela B Shifflet 0aElementary Datastructures With Pascal bGalgotia Publication Pvt Ltfc1991 a612p a"Computer Programming. Programs, Data"